|
|
|
|
| LEADER |
01931nam a2200313 u 4500 |
| 001 |
10063421 |
| 003 |
upatras |
| 005 |
20210916100545.0 |
| 008 |
070730s2005 gr gre |
| 040 |
|
|
|a GR-PaULI
|c GR-PaULI
|
| 041 |
0 |
|
|a gre
|
| 082 |
0 |
4 |
|a 004.68
|
| 100 |
1 |
|
|a Καινούργιος, Σωτήριος
|9 56284
|
| 245 |
1 |
0 |
|a Λογισμικό παραγωγής αποδοτικών VHDL περιγραφών FIR φίλτρων για συστήματα wireless LAN
|c Καινούργιος Σωτήριος; Πανεπιστήμιο Πατρών, Πολυτεχνική σχολή, Τμήμα Μηχανικών Η/Υ και Πληροφορικής
|
| 260 |
|
|
|a Πάτρα
|b [χ.ό]
|c 2005
|
| 300 |
|
|
|a viii, 153 σ.
|b σχήμ., πίν.
|c 30 εκ.
|
| 500 |
|
|
|a Μεταπτυχιακή Διπλωματική Εργασία
|
| 504 |
|
|
|a Περιλαμβάνει βιβλιογραφία και παράρτημα
|
| 650 |
|
4 |
|a Ψηφιακά κυκλώματα
|9 1637
|
| 650 |
|
4 |
|a Ψηφιακά ηλεκτρονικά
|9 1694
|
| 650 |
|
4 |
|a Τοπικά δίκτυα (LANs)
|9 76083
|
| 710 |
2 |
|
|9 2771
|a Πανεπιστήμιο Πατρών
|b Σχολή Επιστημών Υγείας
|b Τμήμα Ιατρικής
|e Πολυτεχνική Σχολή
|e Τμήμα Μηχανικών Ηλεκτρονικών Υπολογιστών και Πληροφορικής
|
| 852 |
|
|
|a GR-PaULI
|b ΠΑΤΡΑ
|b ΒΚΠ
|b ΑΝΕ
|k ΔΙΠΛΩΜΑΤΙΚΗ
|h 004.68 ΚΑΙ
|m 089858
|p 025000160081
|t 1
|
| 852 |
|
|
|a GR-PaULI
|b ΠΑΤΡΑ
|b ΒΚΠ
|b ΑΝΕ
|k ΔΙΠΛΩΜΑΤΙΚΗ
|h 004.68 ΚΑΙ
|m 089784
|p 025000160011
|t 2
|
| 856 |
|
|
|u http://nemertes.lis.upatras.gr/jspui/handle/10889/140
|
| 942 |
|
|
|2 ddc
|c BKTD
|
| 952 |
|
|
|0 0
|1 0
|4 0
|6 004_680000000000000_ΚΑΙ
|7 0
|9 62090
|a LISP
|b LISP
|c RES
|d 2016-04-24
|i 089858
|l 0
|o 004.68 ΚΑΙ
|p 025000160081
|r 2016-04-24 00:00:00
|t 1
|w 2016-04-24
|y BKTD
|
| 998 |
|
|
|c ΜΗΤΡΕΛΗΣ
|d 2007-07
|
| 999 |
|
|
|c 39750
|d 39750
|